000 00674nam a2200193 a 4500
008 120416s1988 ||||||||||||||||| || u
020 _a0471858242
050 _aQA 401 Kre
100 _aKreyszig, Erwin
245 1 0 _aAdvanced engineering mathematics. (6th ed.)
250 _a6th.ed
260 _aNew York
_bJohn Wiley and Sons
_c1988
300 _avarying pagination : ill
350 _a0.00
650 0 _aMATHEMATICS--HANDBOOKS, MANUALS, ETC
650 _aMATHEMATICAL PHYSICS
650 0 _aENGINEERING MATHEMATICS
995 _D0.00
_FCBU-MAIN LIBRARY (Kitwe)
_H1
_I47.90
_M1
_UDAMAGED
_ZMain Library Open Access Collection
999 _c33552
_d33552